1434 1744 1500 1716 1042 1047 1851 1776 1868 1094 1382 1565 1958 1369 1764 1478 1002 1267 1529 1150 1863 1017 1174 1549 1316 1364 1165 1614 1786 1401 1690 1748 1100 1194 2000 1200 1542 1576 1010 1758 1769 1026 1050 1056 1623 1386 1337 1004 1149 1066 1543 1011 1483 1801 1713 1821 1681 1415 1488 1568 1931 1424 1087 1706 1628 1386 1037 1255 1986 1015 1615 1180 1683 1028 1068 1282 1550 1267 1135 1875 1744 1935 1659 1303 1247 1343 1154 1158 1120 1008 1784 1187 1997 1972 1426 1896 1106 1953 1021 BCNSPRNW ULIB Ver.6.0+V

เปลี่ยนเป็นภาษาไทย

Change to English
 แสดงรายละเอียดบรรณานุกรม
  กลับหน้าหลัก

Brief Record : Get Marc (ISO 2709) : E-mail record : QR code < ปิดหน้าต่าง
LEADER : 00000nam 2200000uu 4500
001    13399112127
003     ULIB
008    110727s2550||||th 000 0 tha d
020    9789742131296
050  4 HA32^bย351ว 2550
100 0  ยุทธ ไกยวรรณ์
245 10 วิเคราะห์ข้อมูลวิจัย 2 =^bStep by step SPSS 2 /^cยุทธ ไกรวรรณ
246 31 Step by step SPSS 2
260    กรุงเทพฯ :^bศูนย์สื่อเสริมกรุงเทพ,^c2550
300    172 หน้า :^bภาพประกอบ ;^c26 ซม.
650  4 เอสพีเอสเอส (โปรแกรมคอมพิวเตอร์)
650  4 เอสพีเอสเอสสำหรับวินโดวส์
650  4 สถิติ^xการประมวลผลข้อมูล
650  4 สถิติ^xโปรแกรมคอมพิวเตอร์
945    ^p135^l0^i023969
945    ^p135^l0^i023970
995    ทศพร
999 ^a ทศพร
รายการนี้ยังไม่มีแท็ก
คุณยังไม่ได้ล็อกอิน คุณสามารถมีกิจกรรมร่วมกับเว็บไซต์ได้ แต่ต้องล็อกอินก่อน ::
  ล็อกอิน

รายการสื่อสารสนเทศ

ลำดับที่ ประเภท เลขเรียก/บาร์โค้ด สถานที่ สถานะ
- ไม่พบข้อมูล -

รายการใกล้เคียง
    ผู้แต่ง [ยุทธ ไกยวรรณ์]

    หัวเรื่อง [เอสพีเอสเอส (โปรแกรมคอมพิวเตอร์)]
    หัวเรื่อง [เอสพีเอสเอสสำหรับวินโดวส์]

BibComment


ยังไม่เคยถูกคอมเมนท์

คอมเมนท์ทรัพยากรรายการนี้
  คอมเมนท์: วิเคราะห์ข้อมูลวิ..


 Copyright 2026. Bcnsprnw @Library